| 000 | 00833nam a2200241Ia 4500 | ||
|---|---|---|---|
| 003 | OSt | ||
| 005 | 20220928113721.0 | ||
| 006 | a|||||r|||| 00| 0 | ||
| 007 | ta | ||
| 008 | 220927b |||||||| |||| 00| 0 eng d | ||
| 020 | _c8232.1200000000008 | ||
| 024 | _a113348 | ||
| 037 |
_b89, 22/11/2011, Aviva Books Company _cTextual |
||
| 040 |
_aSDCL _cSDCL _beng |
||
| 041 |
_2eng _aeng |
||
| 082 | _aE9G,92Z2n1,N44, H4.85 | ||
| 100 |
_aChristov Christo Ed. _9434678 |
||
| 245 | 0 |
_aAdvances in protein chemistry and structural biology _b Computational chemistry methods in structural biology. |
|
| 260 |
_aAmsterdam _bAcademic Press _c2011 |
||
| 300 |
_avii,351p. _ccm. |
||
| 942 |
_hE9G,92Z2n1,N44, H4.85 _cTEXL _2CC |
||
| 999 |
_c750978 _d750978 |
||